| 000 -Etiqueta do registo | |
|---|---|
| campo de controlo de comprimento fixo | 005910000a22002050004500 |
| 001 - Identificador do registo | |
| Campo de controlo | 44771 |
| 010 ## - ISBN | |
| Número (ISBN) | 978-972-42-3946-0 |
| 100 ## - Dados Gerais de Proc. | |
| Dados gerais de processamento | 20080623d2007 k y0pory5003 ba |
| 101 0# - Língua da publicação | |
| Língua do texto, banda sonora, etc. | Português |
| 102 ## - País de Publicação | |
| País de publicação | Portugal |
| 200 1# - Título | |
| Título próprio | As valquírias |
| Primeira menção de responsabilidade | Paulo Coelho |
| 210 ## - Publicação, Distribuição | |
| Lugar da edição, distribuição, etc. | Lisboa |
| Nome do editor, distribuidor, etc. | Círculo de Leitores |
| Data da publicação, distribuição, etc. | 2007 |
| 215 ## - Descrição física | |
| Descrição física | 228 p. |
| 606 ## - Nome comum | |
| Elemento de entrada | Literatura brasileira |
| 675 ## - CDU | |
| Notação | 83 |
| Edição | BN |
| Língua da edição | Português |
| 675 ## - CDU | |
| Notação | 821.134.3(81)-31"19/20" |
| Edição | BN |
| Língua da edição | Português |
| 700 #1 - Responsabilidade principal | |
| Palavra de ordem | Coelho |
| Outra parte do nome | Paulo |
| Datas | 1947- |
| 090 ## - Números de controlo do sistema (Koha) | |
| Número biblioitem do Koha (gerado automaticamente) | 44771 |
| 942 ## - Elementos de entrada adicionados (Koha) | |
| Tipo de item no Koha | Monografias |
| Suprimido | Disponível no OPAC |
| 999 ## - Campo local | |
| Campo local | 44771 |
| Removido (estado) | Perdido (estado) | Data de aquisição | Origem do registo (biblioteca) (codificado) | Código da organização que empresta ou é detentora (biblioteca) | Código de barras | Número de inventário | Cota | Data de empréstimo ou depósito | Tipo de circulação (não pode ser emprestado) | Tipo de item e material | Data da publicação, distribuição, etc. |
|---|---|---|---|---|---|---|---|---|---|---|---|
| Disponível | Disponível | 2008-06-23 | Biblioteca da Escola Secundária Dr. Jorge Augusto Correia | Biblioteca da Escola Secundária Dr. Jorge Augusto Correia | BESJAC9561 | 9561 | 83B COE | 2024-11-25 | Normal | Monografias | 2007 |